000 01165nam a2200301 i 4500
001 172503
003 ES-MaACL
005 20250915185820.0
008 090713s1998 sp |||| | spa d
017 _aB 37608-1998
020 _a84-8130-108-6
100 1 _aBalzac, Honoré de,
_d1799-1850
_925139
245 1 3 _aLa España tétrica /
_cHonoré de Balzac ; [traducción, Antonio Redondo Magaña].
260 _aMadrid :
_bUnidad Editorial,
_c[1998]
300 _a95 p. ;
_c21cm.
490 1 _aBiblioteca El Mundo ;
_v78.
_aLas novelas del verano
505 8 _aContiene dos relatos de la obra "La Comédie Humaine" : Les Marana ; El verdugo
700 1 _aRedondo Magaña, Antonio.
_9141048
740 3 _aLa Comédie Humaine.
740 4 _aLes Marana.
740 3 _aEl verdugo.
830 0 _aBiblioteca El Mundo
_v78.
_9189189
852 _aES-MaACL
_jE-12821
_9179170
_bR.139408
_cDEPO2
_hDonación: Biblioteca Jacinto Martínez Lacalle
_xEncuadernación rústica
942 _2udc
_cMONOGRAFIA
_n0
954 _iHelena Reinbold Alonso
999 _c172503
_d172503